00473nam a2200157 a 4500001001000000003000900010005001700019007001000036008004000046040002200086100002200108245008800130246002900218260004100247300002700288000045464DO-SdBNP20171017111300.0000045464150407s1996 dr a 000 0 spa d aBPMSUbspacBPMSU1 aCarrón, Lorelay10aY se los llevó el sol : bmitología taína para niños / cLorelay Carrón  aY se los llevó el sol  aSanto Domingo :bAl compás,c1996. a46 p. :bil. ;c26 cm.